000
00311nam a2200121Ia 4500
005
20251222141819.0
008
251222s9999||||xx |||||||||||||| ||spa||
020
_a
84-7141-000-1
082
_a
250.7/C76/9
245
0
_a
Anunciar a Jesucristo en nuestro mundo con obras y palabras
264
_b
EDICE
942
_c
LIB
999
_c
6749
_d
6749